Covers of Beatles Songs - Statistics

General Stats
  • This quiz has been taken 38 times
  • The average score is 4 of 15
Answer Stats
Type Year Hint Answer % Correct
Artist 1969 With A Little Help From My Friends Joe Cocker
61%
Title 1980 Frank Sinatra Something
58%
Title 1991 Aerosmith Come Together
53%
Title 1967 Ray Charles Yesterday
53%
Title 1972 Elvis Presley Hey Jude
50%
Title 1968 Deep Purple Help!
28%
Title 2000 Oasis Helter Skelter
25%
Artist 1970 We Can Work It Out Stevie Wonder
25%
Title 2005 Ozzy Osbourne In My Life
19%
Artist 1998 Across The Universe Fiona Apple
17%
Artist 2024 Blackbird Beyoncé
11%
Artist 2015* And I Love Her Kurt Cobain
11%
Title 1990 The Jeff Healey Band While My Guitar Gently Weeps
11%
Title 2003 Smash Mouth Getting Better
6%
Title 1995* Stevie Ray Vaughan Taxman
6%
No matching quizzes found
Score Distribution
Percent of People with Each Score
Percentile by Number Answered
Your Score History
You have not taken this quiz